| 000 | 00000nas 2200000za 4500 |
| 001 | 9.514938 |
| 003 | CaOODSP |
| 005 | 20200331164259 |
| 007 | ta |
| 008 | 150406d19911993onc x m #||||f| |0eng|d |
| 022 | |a1188-2743 |
| 040 | |aCaOODSP|beng |
| 043 | |an-cn--- |
| 086 | 1 |aZ1-1989/2-41E |
| 245 | 00|aResearch studies. |
| 260 | |aToronto : |bRoyal Commission on Electoral Reform and Party Financing : |bCanada Communication Group, Publishing, Supply and Services Canada : |bDundurn Press, |c1991-1993. |
| 310 | |aIrregular |
| 362 | 1 |aBegan with volume 1; ceased with volume 23. |
| 710 | 1 |aCanada.|bRoyal Commissions. |bRoyal Commission on Electoral Reform and Party Financing. |
| 720 | 1 |aLortie, Pierre |
| 775 | 08|tCollection d'études. |w(CaOODSP)9.513272 |
| 776 | 0#|tResearch studies. |w(CaOODSP)9.873358 |